书目信息 |
| 题名: |
爱情方程式
|
|
| 作者: | 张婧 , 杨柳 著 | |
| 分册: | ||
| 出版信息: | 北京 华艺出版社 2005.04 |
|
| 页数: | 235页, [2] 页图版 | |
| 开本: | 21cm | |
| 丛书名: | ||
| 单 册: | ||
| 中图分类: | I247.5 | |
| 科图分类: | ||
| 主题词: | 长篇小说--中国--当代 | |
| 电子资源: | ||
| ISBN: | 7-80142-685-1 | |
| 000 | 00715nam0 2200229 4500 | |
| 001 | 192004001758 | |
| 005 | 20070913101215.48 | |
| 010 | @a7-80142-685-1@dCNY20.00 | |
| 100 | @a20070531d2005 ekmy0chiy0121 ea | |
| 101 | 0 | @achi |
| 102 | @aCN@b110000 | |
| 105 | @aaf z 000ay | |
| 200 | 1 | @a爱情方程式@Aai qing fang cheng shi@f张婧, 杨柳著 |
| 210 | @a北京@c华艺出版社@d2005.04 | |
| 215 | @a235页, [2] 页图版@c图@d21cm | |
| 330 | @a本书是一部反映当前大学女生生活的青春校园小说,两个女生分别从自己的视角以细腻的笔触描写了身边的人和事。 | |
| 606 | 0 | @a长篇小说@y中国@z当代 |
| 690 | @aI247.5@v4 | |
| 701 | 0 | @a张婧@Azhang jing@4著 |
| 701 | 0 | @a杨柳@Ayang liu@4著 |
| 801 | 0 | @aCN@c20070913 |
| 905 | @dI247.5@eZ1222 | |
| 爱情方程式/张婧, 杨柳著.-北京:华艺出版社,2005.04 |
| 235页, [2] 页图版:图;21cm |
| ISBN 7-80142-685-1:CNY20.00 |
| 本书是一部反映当前大学女生生活的青春校园小说,两个女生分别从自己的视角以细腻的笔触描写了身边的人和事。 |
| ● |
| 相关链接 |
|
|
|
正题名:爱情方程式
索取号:I247.5/Z1222
 
预约/预借
| 序号 | 登录号 | 条形码 | 馆藏地/架位号 | 状态 | 备注 |
| 1 | 625107 | 206251072 | 文学库108/422社科库 5排1列5层/ [索取号:I247.5/Z1222] | 在馆 | |
| 2 | 625108 | 206251081 | 社科二线422/422社科库 5排1列5层/ [索取号:I247.5/Z1222] | 在馆 |